000 00753nam a22001937a 4500
999 _c164097
_d164097
005 20190510105630.0
010 _aUR-10090
020 _c170.00
_a9789386624154
035 _aU-8645
037 _bDBAD/PUB
082 _a844.08
100 _aمر تبہ:ما جد قا ضی
245 _a تذ کر ہ صحا فيا ن ممب‏ئ م و ر د يگر مضا مين
_cمر تبہ:ما جد قا ضی
246 _bTazkira-e-Sahafiyan-e-Mumbai aur deegar Mazameen (Urdu)
_aComp.by Majid Qazi
260 _a Delhi
_bEducational Publishing House
_c2017 ء
270 _a3191،Vakil Street,Kucha Pandit,Lal Kuan,
_bDelhi
_e110006
_k23216162
_l00911123211540
300 _a167ص
_c22 Cm.(bk)
942 _2ddc
_cUR
_h844.08
_mق ا ض